Construction research note (Record no. 107860)

MARC details
000 -LEADER
fixed length control field 01523cad a22002535a 4500
001 - CONTROL NUMBER
control field L142305
008 - FIXED-LENGTH DATA ELEMENTS--GENERAL INFORMATION
fixed length control field 080204s2008 xxk df s 000 0 eng d
035 ## - SYSTEM CONTROL NUMBER
System control number (Sirsi) u142305
041 0# - LANGUAGE CODE
Language code of text/sound track or separate title eng
050 04 - LIBRARY OF CONGRESS CALL NUMBER
Classification number 338.476224 $2 18
110 2# - MAIN ENTRY--CORPORATE NAME
Corporate name or jurisdiction name as entry element Royal Institution of Chartered Surveyors
Subordinate unit Economics
9 (RLIN) 5033
245 00 - TITLE STATEMENT
Title Construction research note
Remainder of title December 2007
Medium [electronic resource]
260 ## - PUBLICATION, DISTRIBUTION, ETC.
Place of publication, distribution, etc. London
Name of publisher, distributor, etc. RICS
Date of publication, distribution, etc. 2008
490 #0 - SERIES STATEMENT
Series statement RICS Construction Research Note
Volume/sequential designation December 2007
520 ## - SUMMARY, ETC.
Summary, etc. Looks at how the pressurised property markets in the US and UK will impact on the countries' construction industries. Reveals the collapse of the US housing market has already pushed the US homebuilding industry into recession. Although non-residential construction has performed better, this is unlikely to last given the wider economic slowdown in the US. While the UK construction industry is less reliant on home building, a slowdown in this area will have a negative impact. However, the UK construction industry is less unbalanced than its US counterpart; its performance in 2008 looks stable, although a drop in new orders and activity is likely in 2009.
521 2# - TARGET AUDIENCE NOTE
Target audience note Advanced
590 ## - LOCAL NOTE (RLIN)
Local note KA
650 24 - SUBJECT ADDED ENTRY--TOPICAL TERM
Topical term or geographic name entry element RICS CONSTRUCTION RESEARCH NOTE
651 #4 - SUBJECT ADDED ENTRY--GEOGRAPHIC NAME
Geographic name United Kingdom
Chronological subdivision
651 #4 - SUBJECT ADDED ENTRY--GEOGRAPHIC NAME
Geographic name United States
Chronological subdivision 1959-
690 ## - LOCAL SUBJECT ADDED ENTRY--TOPICAL TERM (OCLC, RLIN)
Topical term or geographic name as entry element BUILT ENVIRONMENT-CONSTRUCTION MARKET
856 40 - ELECTRONIC LOCATION AND ACCESS
Uniform Resource Identifier <a href="https://www.rics.org/RICSWEB/getpage.aspx?p=KHvwv5DkI0uyaTVy2dHqhA">https://www.rics.org/RICSWEB/getpage.aspx?p=KHvwv5DkI0uyaTVy2dHqhA</a>
Public note View the research note free of charge at www.rics.org...
942 ## - ADDED ENTRY ELEMENTS (KOHA)
Suppress in OPAC 0
Holdings
Withdrawn status Lost status Source of classification or shelving scheme Damaged status Not for loan Home library Current library Shelving location Date acquired Total Checkouts Full call number Barcode Date last seen Copy number Price effective from Koha item type
    Dewey Decimal Classification     Virtual Virtual Online 04/02/2008   ONLINE PUBLICATION 142305-2001 06/08/2019 1 06/08/2019 Book